000 00796nac a22002051u 4500
020 _a0444823026
082 _a338.9
_bB4218
090 _c5111
_d5111
100 _a20080729
245 _aHandbook of development economics/
_cEdited by Jere Behrman and T. N. Srinivasan
_nVolume 3B
260 _aAmsterdam,The Netherlands
_bElsevier,1988-1995
_c1988-1995
300 _a1v.;
_c25 cm.
490 _aHandbooks in economics ;
_v 9
504 _aIncludes bibliographical references and index
650 _aDevelopment economics
700 _aSrinivasan, T. N.
700 _aBehrman, Jere R.
942 _cBB
_k338.9B4218
999 _c5111
_d5111